Enforcement of foreign arbitration awards (Record no. 66705)
[ view plain ]
| 000 -LEADER | |
|---|---|
| fixed length control field | 01479cam a2200277 4500 |
| 001 - CONTROL NUMBER | |
| control field | ABS63687 |
| 008 - FIXED-LENGTH DATA ELEMENTS--GENERAL INFORMATION | |
| fixed length control field | 000000n2001 000 0 eng u |
| 035 ## - SYSTEM CONTROL NUMBER | |
| System control number | (Sirsi) u111940 |
| 245 ## - TITLE STATEMENT | |
| Title | Enforcement of foreign arbitration awards |
| 260 ## - PUBLICATION, DISTRIBUTION, ETC. | |
| Date of publication, distribution, etc. | 2001 |
| 490 ## - SERIES STATEMENT | |
| Series statement | Arbitration Law Monthly |
| Volume/sequential designation | 1(2) March 2001, 10-12(3) |
| 520 ## - SUMMARY, ETC. | |
| Summary, etc. | Provided particular documentary evidence is supplied, the New York Convention 1958 provides that a foreign arbitration award can be enforced. Details of the evidence required are set out in article IV of the Convention, and are reproduced in the English Arbitration Act 1996 s102. They have also been set out in the Hong Kong Ordinance s43. Discusses "Medison Co Ltd v Victor (Far East) Ltd", which dealt with the enforcement of a South Korean arbitration award in Hong Kong. The decision includes important observations on the role of the enforcing court, and thus has implications for other countries. |
| 590 ## - LOCAL NOTE (RLIN) | |
| Local note | ABS |
| 650 ## - SUBJECT ADDED ENTRY--TOPICAL TERM | |
| Topical term or geographic name entry element | MANAGEMENT-DISPUTE AVOIDANCE, MANAGEMENT AND RESOLUTION-DISPUTE MANAGEMENT AND RESOLUTION-ARBITRATION |
| 650 ## - SUBJECT ADDED ENTRY--TOPICAL TERM | |
| Topical term or geographic name entry element | NEW YORK CONVENTION 1958 |
| 650 ## - SUBJECT ADDED ENTRY--TOPICAL TERM | |
| Topical term or geographic name entry element | ARBITRATION ACT 1996 S102 |
| 650 ## - SUBJECT ADDED ENTRY--TOPICAL TERM | |
| Topical term or geographic name entry element | MEDISON CO LTD V VICTOR (FAR EAST) LTD |
| 650 ## - SUBJECT ADDED ENTRY--TOPICAL TERM | |
| Topical term or geographic name entry element | HONG KONG ARBITRATION ORDNANCE |
| 650 ## - SUBJECT ADDED ENTRY--TOPICAL TERM | |
| Topical term or geographic name entry element | INTERNATIONAL |
| 650 ## - SUBJECT ADDED ENTRY--TOPICAL TERM | |
| Topical term or geographic name entry element | FOREIGN ARBITRATION AWARDS |
| 650 ## - SUBJECT ADDED ENTRY--TOPICAL TERM | |
| Topical term or geographic name entry element | ENFORCEMENT |
| 650 ## - SUBJECT ADDED ENTRY--TOPICAL TERM | |
| Topical term or geographic name entry element | HEARSAY EVIDENCE |
| 650 ## - SUBJECT ADDED ENTRY--TOPICAL TERM | |
| Topical term or geographic name entry element | FULL DISCLOSURE |
| 690 ## - LOCAL SUBJECT ADDED ENTRY--TOPICAL TERM (OCLC, RLIN) | |
| Topical term or geographic name as entry element | Dispute resolution |
| 9 (RLIN) | 6236 |
| 942 ## - ADDED ENTRY ELEMENTS (KOHA) | |
| Suppress in OPAC | 0 |
| Withdrawn status | Lost status | Source of classification or shelving scheme | Damaged status | Not for loan | Home library | Current library | Shelving location | Date acquired | Total Checkouts | Full call number | Barcode | Date last seen | Copy number | Price effective from | Koha item type |
|---|---|---|---|---|---|---|---|---|---|---|---|---|---|---|---|
| Dewey Decimal Classification | London | London | Journal article | 09/04/2001 | ABS63687 | 111940-1001 | 06/08/2019 | 1 | 06/08/2019 | Journal article |